| 000 | 01087njm a2200313Ia 4500 | ||
|---|---|---|---|
| 001 | B5049 | ||
| 003 | IT-RoPAU | ||
| 005 | 20220918181203.0 | ||
| 008 | 131025s9999 xx 000 0 und d | ||
| 040 | _aIT-RoPAU | ||
| 040 | _cIT-RoPAU | ||
| 041 | _aITALIANO | ||
| 999 |
_c103224 _d103224 |
||
| 999 | _bn.d. | ||
| 100 |
_aSalieri Antonio _910193 |
||
| 100 |
_eAutore musica _928834 |
||
| 100 |
_gCodice autore musica SPICS: 7464 _910195 |
||
| 245 | _aAxur, re d'Ormus | ||
| 250 | _a1a ed. | ||
| 260 | _aCOMO | ||
| 260 |
_bNUOVA ERA _c1990 [1a Ed.:1990 - Ed. Lingua Orig.: 1787] |
||
| 300 | _aCOMPACT DISC | ||
| 300 | _c164 minuti (Testo: 124 pag.) | ||
| 500 | _aMusica classica. Musica operistica. Musica lirica. | ||
| 505 | _aDramma tragicomico in cinque atti su libretto di Lorenzo Da Ponte, da Pierre-Augustin Caron De Beaumarchais | ||
| 511 | _aOrchestra Filarmonica di Russe diretta da Clemencic René | ||
| 650 |
_aDRAMMA TRAGICOM [COMPACT DISC] _eCodice MATERIA SPICS: 9949 _928835 |
||
| 700 |
_aDa Ponte Lorenzo _eAutore testo _gCodice autore testo SPICS: 5595 _928836 |
||
| 942 |
_cCD _2ddc |
||